Obras Completas de Dante Alighieri.

Gespeichert in:
Bibliographische Detailangaben
1. Verfasser: Alighieri, Dante (autor)
Weitere Verfasser: González Ruiz, Nicolás (versión castellana), Bertini, Giovanni M. (interpretación literal), Gutiérrez García, José Luis (colaboración)
Format: Buch
Sprache:Spanisch
Veröffentlicht: Madrid, España: Católica, 1956.
Schriftenreihe:Biblioteca de Autores Cristianos.
Schlagworte:
Tags: Tag hinzufügen
Keine Tags, Fügen Sie den ersten Tag hinzu!

MARC

LEADER 00000nam a2200000 a 4500
001 UCL5300
003 CL-VaPUC
005 20230121074308.0
008 040312e19560000SP |||||||||||||||||spa|d
999 |c 307911  |d 307909 
040 |c Pontificia Universidad Católica de Valparaíso 
082 0 4 |a 851 ALI 1956   |2 21 
100 |a Alighieri, Dante  |e autor  |9 396 
245 1 0 |a Obras Completas de Dante Alighieri. 
260 |a Madrid, España:   |b Católica,   |c 1956. 
300 |a 1146 páginas.  
440 |a Biblioteca de Autores Cristianos.  |9 865637 
500 |a c.2 Donación Familia Prof. Alejandro Guzmán Brito. 
583 |a last modification  |c 20040312 00:00:00  |k Rodrigo Vera 
650 0 |a Poesías italianas  |9 265352 
650 0 |a Prosa italiana  |2 CL-VaPUC  |9 267269 
700 |a González Ruiz, Nicolás  |9 543335  |e versión castellana  
700 |a Bertini, Giovanni M.   |e interpretación literal  |9 865638 
700 |a Gutiérrez García, José Luis   |e colaboración   |9 865639 
942 |c BK  |2 ddc  |n 0 
945 |d 20040312 00:00:00  |a rbrito 
952 |0 0  |1 0  |4 0  |6 851_000000000000000_ALI_1956  |7 0  |8 A  |9 374083  |a BIBTEO  |b BIBTEO  |d 2019-11-21  |i 2088274  |o 851 ALI 1956  |p 2088274  |r 2025-01-17  |w 2019-11-21  |y BK  |k ICR